<?xml version="1.0" encoding="UTF-8"?><?xml-stylesheet type="text/xsl" href="static/style.xsl"?><OAI-PMH xmlns="http://www.openarchives.org/OAI/2.0/" xmlns:xsi="http://www.w3.org/2001/XMLSchema-instance" xsi:schemaLocation="http://www.openarchives.org/OAI/2.0/ http://www.openarchives.org/OAI/2.0/OAI-PMH.xsd"><responseDate>2026-05-17T22:15:10Z</responseDate><request verb="GetRecord" identifier="oai:recam.amb.cat:20.500.14439/2420" metadataPrefix="marc">https://recam.amb.cat/rest/oai/request</request><GetRecord><record><header><identifier>oai:recam.amb.cat:20.500.14439/2420</identifier><datestamp>2025-03-26T10:35:41Z</datestamp><setSpec>com_20.500.14439_126</setSpec><setSpec>col_20.500.14439_141</setSpec></header><metadata><record xmlns="http://www.loc.gov/MARC21/slim" xmlns:dcterms="http://purl.org/dc/terms/" xmlns:xsi="http://www.w3.org/2001/XMLSchema-instance" xmlns:doc="http://www.lyncode.com/xoai" xsi:schemaLocation="http://www.loc.gov/MARC21/slim http://www.loc.gov/standards/marcxml/schema/MARC21slim.xsd">
   <leader>00925njm 22002777a 4500</leader>
   <datafield ind2=" " ind1=" " tag="042">
      <subfield code="a">dc</subfield>
   </datafield>
   <datafield ind2=" " ind1=" " tag="720">
      <subfield code="a">Àrea Metropolitana de Barcelona</subfield>
      <subfield code="e">author</subfield>
   </datafield>
   <datafield ind2=" " ind1=" " tag="260">
      <subfield code="c">2019-08-01</subfield>
   </datafield>
   <datafield ind2=" " ind1=" " tag="520">
      <subfield code="a">Informació sobre les emissions de diferents sectors competencials de l'AMB: territori, aigua, residus, mobilitat i oficines, així com els objectius aconseguits de reducció de les emissions de gasos amb efecte d'hivernacle (GEH), la descripció de com es fan els inventaris de les emissions, els indicadors que es fan servir per als diferents sectors, les dades que es tenen en compte per calcular la petjada de carboni i quin seguiment se'n fa al llarg del temps.&lt;br />&lt;br />El nou objectiu en l'horitzó 2030 s'alinea amb els compromisos existents en els àmbits nacional i internacional. L'objectiu de reducció d'emissions per a l'any 2030 és del 30% respecte a les emissions de l'any de referència de l'Estratègia: 2011.</subfield>
   </datafield>
   <datafield ind1="8" ind2=" " tag="024">
      <subfield code="a">https://hdl.handle.net/20.500.14439/2420</subfield>
   </datafield>
   <datafield ind1="8" ind2=" " tag="024">
      <subfield code="a">8034120</subfield>
   </datafield>
   <datafield tag="653" ind2=" " ind1=" ">
      <subfield code="a">Anhídric carbònic atmosfèric</subfield>
   </datafield>
   <datafield tag="653" ind2=" " ind1=" ">
      <subfield code="a">Seguiment ambiental</subfield>
   </datafield>
   <datafield tag="653" ind2=" " ind1=" ">
      <subfield code="a">Carboni</subfield>
   </datafield>
   <datafield ind2="0" ind1="0" tag="245">
      <subfield code="a">Estratègia de carboni 2030</subfield>
   </datafield>
</record></metadata></record></GetRecord></OAI-PMH>